[Event "Pan American-ch Hybrid U14 Girls 31st"]
[Site "Tornelo INT"]
[Date "2021.09.04"]
[Round "3"]
[White "Cardoso, Julia Paulina Reis"]
[Black "Jurado, Laura Alves"]
[Result "0-1"]
[WhiteElo "1061"]
[BlackElo "1148"]
[PlyCount "52"]
[EventDate "2021.09.04"]
[EventType "swiss"]
[EventRounds "9"]
[EventCountry "NET"]
[SourceTitle "EXT 2023"]
[Source "ChessBase"]
[SourceDate "2022.10.05"]
[SourceVersion "1"]
[SourceVersionDate "2022.10.05"]
[SourceQuality "1"]

1. e4 c6 2. Nf3 d5 3. Nc3 dxe4 4. Nxe4 Nd7 5. Bc4 Ngf6 6. Neg5 e6 7. 0-0 h6 8. Nh3 Bd6 9. Kh1 0-0 10. c3 b6 11. d4 Qc7 12. Re1 Bb7 13. Re3 c5 14. g3 cxd4 15. cxd4 Qxc4 16. Rc3 Qd5 17. Kg1 Ne5 18. Nf4 Nxf3+ 19. Kf1 Nxh2+ 20. Ke1 Qh1+ 21. Ke2 Bf3+ 22. Rxf3 Qxf3+ 23. Kd2 Ne4+ 24. Kc2 Rac8+ 25. Kb1 Qxd1 26. b3 Qc2# 0-1